000 00735nam a2200289Ia 4500
005 20260324122440.0
008 008 260324s9999 xx 000 0 eng d
020 _a9781003236511
037 _aEBOOK
040 _aCRL
040 _beng
040 _cCRL
041 _2eng
041 _aeng
084 _qCRL
100 _aRichard Cote; Darcy Blauvelt
_91166493
245 0 _aMath Road Trip
245 3 _bAn Interactive Discovery-Based Mathematics Units for High-Ability Learners (Grades 6-8)
260 _bTaylor and Francis
260 _c2013
365 _a
365 _b110
856 _uhttp://www.taylorfrancis.com/books/9781003236511
942 _cEBOOK
999 _c1759240
_d1759240